Quality Measures of Quantified Linguistic Summaries Aggregated by the Uninorm Connective for Dimensional Data Structures
Štruktúry multidimenzionálnych údajov a lingvistické súhrny. Štruktúry multidimenzionálnych údajov a business intelligence. Lingvistické súhrny a otázky kvality. Nový indikátor: indikátor relevancie súhrnných viet. Agregovanie indikátorov kvality pomocou uninormov. Ilustratívny príklad.
Salvato in:
| Autore principale: | |
|---|---|
| Natura: | Capitolo di libro |
| Lingua: | inglese |
| Soggetti: | |
| Tags: |
Nessun Tag, puoi essere il primo ad aggiungerne!!
|
MARC
| LEADER | 00000naa$a2200000$$$4500 | ||
|---|---|---|---|
| 001 | 0248855 | ||
| 005 | 20240502083707.8 | ||
| 041 | 0 | |a eng | |
| 044 | |a RS | ||
| 245 | 1 | 0 | |a Quality Measures of Quantified Linguistic Summaries Aggregated by the Uninorm Connective for Dimensional Data Structures |c Miroslav Hudec |
| 520 | |a Štruktúry multidimenzionálnych údajov a lingvistické súhrny. Štruktúry multidimenzionálnych údajov a business intelligence. Lingvistické súhrny a otázky kvality. Nový indikátor: indikátor relevancie súhrnných viet. Agregovanie indikátorov kvality pomocou uninormov. Ilustratívny príklad. | ||
| 610 | 2 | 0 | |a informatika aplikovaná |
| 610 | 2 | 0 | |a výskum operačný |
| 610 | 2 | 0 | |a analýza dát |
| 610 | 2 | 0 | |a dolovanie dát |
| 610 | 2 | 0 | |a spracovanie dát |
| 610 | 2 | 0 | |a dáta |
| 610 | 2 | 0 | |a množiny hmlisté |
| 610 | 2 | 0 | |a business intelligence |
| 610 | 2 | 0 | |a kvalita |
| 610 | 2 | 0 | |a jazykoveda |
| 610 | 2 | 0 | |a logika |
| 100 | 1 | |a Hudec, Miroslav, 1969- | |